[Event "Toronto Fuster Memorial"]
[Site "Toronto"]
[Date "2002.11.02"]
[Round "5"]
[White "Sherman, Robert"]
[Black "Laughlin, Steve"]
[Result "1/2-1/2"]
[WhiteElo "1922"]
[BlackElo "2006"]
[PlyCount "61"]
[EventDate "2002.09.14"]
[EventType "tourn"]
[EventRounds "9"]
[EventCountry "CAN"]
[SourceTitle "EXT 2022"]
[Source "ChessBase"]
[SourceDate "2021.10.06"]
[SourceVersion "1"]
[SourceVersionDate "2021.10.06"]
[SourceQuality "1"]

1. e4 e5 2. Bc4 Nf6 3. d4 exd4 4. Nf3 d6 5. c3 Be7 6. cxd4 Nxe4 7. Qb3 0-0 8. Nbd2 Nf6 9. 0-0 d5 10. Bd3 b6 11. Ne5 c5 12. dxc5 bxc5 13. Re1 Bd6 14. Qa4 c4 15. Bb1 Nbd7 16. Ndf3 Nxe5 17. Nxe5 Re8 18. Nf3 Rxe1+ 19. Nxe1 Bg4 20. Be3 Qe7 21. Nc2 Bc5 22. Bc1 Bd6 23. Be3 Be5 24. Bc1 Re8 25. h3 Bc7 26. Be3 Bd1 27. Qc6 Bxc2 28. Bxc2 d4 29. Bd2 Qd6 30. Qxd6 Bxd6 31. Kf1 1/2-1/2

[Event "Toronto Fuster Memorial"]
[Site "Toronto"]
[Date "2002.10.05"]
[Round "3"]
[White "Noritsyn, Nikolay"]
[Black "Sherman, Robert"]
[Result "1-0"]
[WhiteElo "2093"]
[BlackElo "1922"]
[PlyCount "78"]
[EventDate "2002.09.14"]
[EventType "tourn"]
[EventRounds "9"]
[EventCountry "CAN"]
[SourceTitle "EXT 2022"]
[Source "ChessBase"]
[SourceDate "2021.10.06"]
[SourceVersion "1"]
[SourceVersionDate "2021.10.06"]
[SourceQuality "1"]

1. e4 c5 2. Nf3 d6 3. d4 cxd4 4. Nxd4 Nf6 5. Nc3 g6 6. Be3 Bg7 7. f3 0-0 8. Qd2 Nc6 9. 0-0-0 Bd7 10. g4 Ne5 11. Kb1 Rc8 12. h4 b5 13. Ncxb5 Nxf3 14. Nxf3 Bxg4 15. Be2 Nxe4 16. Qe1 a6 17. Nbd4 Qb6 18. Rd3 Nc5 19. Ra3 Rb8 20. Nb3 Qb7 21. Rf1 Rfc8 22. Nfd4 Bxe2 23. Qxe2 e5 24. Nf3 Qb4 25. Qd2 Qb5 26. Rd1 Qc4 27. Qd5 Qe2 28. Bxc5 e4 29. Ng1 Qg2 30. Qxd6 e3 31. Qd5 e2 32. Nxe2 Qxe2 33. Qd3 Qh2 34. Bd6 Qxh4 35. Bxb8 Qf6 36. c3 Rxb8 37. Rxa6 Qf2 38. Rd6 Bf8 39. Rd7 Re8 1-0

[Event "Bernard Freedman Memorial"]
[Site "Toronto"]
[Date "2002.08.18"]
[Round "6"]
[White "Srinivasan, Gajana"]
[Black "Sherman, Robert"]
[Result "0-1"]
[WhiteElo "1989"]
[BlackElo "1850"]
[PlyCount "78"]
[EventDate "2002.08.12"]
[EventType "tourn"]
[EventRounds "9"]
[EventCountry "CAN"]
[SourceTitle "EXT 2003"]
[Source "ChessBase"]
[SourceDate "2002.11.25"]
[SourceVersion "1"]
[SourceVersionDate "2002.11.25"]
[SourceQuality "1"]

1. e4 c5 2. Nf3 d6 3. d4 cxd4 4. Nxd4 Nf6 5. Nc3 g6 6. Be3 Bg7 7. Bc4 0-0 8. f3 Nc6 9. Qd2 Bd7 10. 0-0-0 Qb8 11. h4 b5 12. Nxc6 Bxc6 13. Bb3 Rc8 14. h5 Nxh5 15. g4 Nf6 16. Bh6 Bh8 17. g5 Nd7 18. Nd5 Re8 19. Qh2 a5 20. Nf4 d5 21. Qh4 a4 22. Bxd5 Bxd5 23. Rxd5 Ne5 24. Qh3 e6 25. Rdd1 Nc4 26. Nd3 a3 27. b3 Nb2 28. Rd2 Qc7 29. f4 Nxd3+ 30. Qxd3 Red8 31. Qe3 Rxd2 32. Qxd2 Rd8 33. Qe3 Bd4 34. Qf3 Bc3 35. Rd1 Qxf4+ 36. Kb1 Rxd1+ 37. Qxd1 Bd2 38. c3 Qxe4+ 39. Qc2 Qe1+ 0-1

[Event "Toronto Dutton CC ch"]
[Site "Toronto"]
[Date "2002.06.19"]
[Round "5"]
[White "Sherman, Robert"]
[Black "Lucki, Arnie"]
[Result "0-1"]
[WhiteElo "1888"]
[BlackElo "1858"]
[PlyCount "61"]
[EventDate "2002.05.22"]
[EventType "swiss"]
[EventRounds "6"]
[EventCountry "CAN"]
[SourceTitle "EXT 2022"]
[Source "ChessBase"]
[SourceDate "2021.10.06"]
[SourceVersion "1"]
[SourceVersionDate "2021.10.06"]
[SourceQuality "1"]

1. e4 e5 2. Bc4 Nf6 3. d4 exd4 4. Nf3 Bb4+ 5. c3 dxc3 6. bxc3 Bc5 7. e5 d5 8. exf6 dxc4 9. Qa4+ Nd7 10. 0-0 Qxf6 11. Re1+ Kf8 12. Qxc4 Qc6 13. Qe2 Nf6 14. Ne5 Qa6 15. Nd3 Bg4 16. Qe5 Bd6 17. Qd4 Qb6 18. Qe4 Be6 19. Qh4 Rd8 20. Nb4 c5 21. Nc2 h6 22. Nba3 Be7 23. Qg3 Qd6 24. Bf4 Qd3 25. Re3 Qf5 26. Bc7 Rd2 27. Rf3 Qg4 28. Ne3 Qxg3 29. Rxg3 Ne4 30. Rf3 Nxc3 31. Rc1 0-1

[Event "Toronto Malcolm Memorial Sim-2"]
[Site "Toronto"]
[Date "2002.02.27"]
[Round "3"]
[White "Bergeron, Florian"]
[Black "Sherman, Robert"]
[Result "1/2-1/2"]
[WhiteElo "1907"]
[BlackElo "1967"]
[PlyCount "106"]
[EventDate "2002.02.13"]
[EventType "tourn"]
[EventRounds "9"]
[EventCountry "CAN"]
[SourceTitle "EXT 2022"]
[Source "ChessBase"]
[SourceDate "2021.10.06"]
[SourceVersion "1"]
[SourceVersionDate "2021.10.06"]
[SourceQuality "1"]

1. Nf3 c5 2. Nc3 Nc6 3. d4 cxd4 4. Nxd4 g6 5. e4 Bg7 6. Be3 d6 7. Be2 Nf6 8. 0-0 0-0 9. h3 Bd7 10. f4 a6 11. Qd2 Rc8 12. Bf3 Qc7 13. Nxc6 Bxc6 14. Rad1 Rfd8 15. Qf2 Nd7 16. Rd3 b5 17. a3 a5 18. Rd2 Qb7 19. Bd4 Bh6 20. Qh4 Bf8 21. e5 Bxf3 22. Rxf3 b4 23. axb4 axb4 24. e6 fxe6 25. Qg4 e5 26. Qe6+ Kh8 27. fxe5 dxe5 28. Rxf8+ Rxf8 29. Qxd7 Qxd7 30. Bxe5+ Kg8 31. Rxd7 Kf7 32. Rb7 Ke6 33. Bd4 bxc3 34. Bxc3 Ra8 35. Bb4 Rf7 36. c4 Ra1+ 37. Kh2 h5 38. Rb6+ Kf5 39. c5 e5 40. c6 Raa7 41. Bd6 e4 42. Bb8 Rae7 43. Rb5+ Ke6 44. Rc5 Rc7 45. Bxc7 Rxc7 46. Kg3 Kd6 47. Rg5 Kxc6 48. Rxg6+ Kd5 49. Kf4 Re7 50. Ke3 Rb7 51. Rg5+ Ke6 52. Kxe4 Rxb2 53. Rxh5 Rxg2 1/2-1/2

[Event "Toronto Malcolm Memorial Sim-2"]
[Site "Toronto"]
[Date "2002.02.25"]
[Round "2"]
[White "Sherman, Robert"]
[Black "Shah, Omaray M"]
[Result "0-1"]
[WhiteElo "1962"]
[BlackElo "1912"]
[PlyCount "104"]
[EventDate "2002.02.13"]
[EventType "tourn"]
[EventRounds "9"]
[EventCountry "CAN"]
[SourceTitle "EXT 2022"]
[Source "ChessBase"]
[SourceDate "2021.10.06"]
[SourceVersion "1"]
[SourceVersionDate "2021.10.06"]
[SourceQuality "1"]

1. e4 c5 2. Nf3 e6 3. d4 cxd4 4. Nxd4 a6 5. Be2 Be7 6. 0-0 Qc7 7. Be3 Nf6 8. Nd2 0-0 9. c4 b6 10. f4 d6 11. Bf3 Bb7 12. Qe1 Nbd7 13. b4 Rfe8 14. Qg3 Bf8 15. e5 dxe5 16. fxe5 Bxf3 17. exf6 Qxg3 18. hxg3 Bb7 19. fxg7 Bxg7 20. Rac1 Bf8 21. a3 a5 22. Nb5 Rec8 23. c5 bxc5 24. bxc5 Nxc5 25. Rf4 f5 26. Rh4 Ba6 27. Nd4 Rab8 28. N2f3 Rb2 29. g4 Be7 30. g5 Bb7 31. Rh6 Bf8 32. Rh5 Re8 33. Nxf5 Nd3 34. Rc7 Rb1+ 35. Kh2 exf5 36. Rcxh7 Rxe3 37. Rh8+ Kf7 38. g6+ Kxg6 39. Rg5+ Kf7 40. Rxf5+ Ke7 41. Rfxf8 Bc6 42. Nh4 Ree1 43. Nf5+ Kd7 44. Rh7+ Ke6 45. Kg3 Rb7 46. Rh6+ Kd5 47. Rd8+ Rd7 48. Rxd7+ Bxd7 49. Rd6+ Ke4 50. Rxd7 Ne5 51. Re7 Kxf5 52. Kf2 Nd3+ 0-1

[Event "Toronto-ch res"]
[Site "Toronto"]
[Date "2001.02.05"]
[Round "10"]
[White "Cohen, David"]
[Black "Sherman, Robert"]
[Result "1-0"]
[WhiteElo "1956"]
[BlackElo "1925"]
[PlyCount "85"]
[EventDate "2001.??.??"]
[EventType "tourn"]
[EventRounds "11"]
[EventCountry "CAN"]
[SourceTitle "EXT 2003"]
[Source "ChessBase"]
[SourceDate "2002.11.25"]
[SourceVersion "1"]
[SourceVersionDate "2002.11.25"]
[SourceQuality "1"]

1. e4 c5 2. Nf3 d6 3. d4 cxd4 4. Nxd4 Nf6 5. Nc3 g6 6. Be2 Bg7 7. Be3 Nc6 8. 0-0 0-0 9. Kh1 Bd7 10. f4 a6 11. Bf3 Rc8 12. Qd2 Na5 13. b3 Bg4 14. e5 Bxf3 15. exf6 Bxg2+ 16. Kxg2 Bxf6 17. Ne4 Bg7 18. Rad1 Nc6 19. Nxc6 Rxc6 20. c4 Qc8 21. Rf2 Qe6 22. Ng3 Qg4 23. Kh1 Rfc8 24. Rg1 Qh3 25. f5 Be5 26. fxg6 hxg6 27. Qd5 e6 28. Qf3 R6c7 29. Bb6 Re7 30. Nh5 Qh4 31. Be3 Rec7 32. Rfg2 Kh7 33. Nf4 Rh8 34. Rg4 Qf6 35. h4 Kg8 36. Qf2 Kf8 37. Nd3 Qe7 38. Nxe5 dxe5 39. Bg5 Qd6 40. Bf6 Rh5 41. Rxg6 Qc6+ 42. R6g2 Rf5 43. Qd2 1-0

[Event "Toronto-ch res"]
[Site "Toronto"]
[Date "2001.01.17"]
[Round "3"]
[White "Sherman, Robert"]
[Black "Pe, Joe Mari"]
[Result "1-0"]
[WhiteElo "1925"]
[BlackElo "1931"]
[PlyCount "81"]
[EventDate "2001.??.??"]
[EventType "tourn"]
[EventRounds "11"]
[EventCountry "CAN"]
[SourceTitle "EXT 2003"]
[Source "ChessBase"]
[SourceDate "2002.11.25"]
[SourceVersion "1"]
[SourceVersionDate "2002.11.25"]
[SourceQuality "1"]

1. e4 c5 2. Nf3 Nc6 3. d4 cxd4 4. Nxd4 d6 5. Nc3 g6 6. Be3 Bg7 7. Bc4 Nf6 8. f3 Bd7 9. Bb3 a6 10. Qd2 h5 11. 0-0-0 Rc8 12. Rhe1 Na5 13. Kb1 b5 14. Nd5 Nc4 15. Bxc4 Rxc4 16. Nb3 Nxd5 17. exd5 Bf5 18. Rc1 0-0 19. Na5 Ra4 20. Nc6 Qc7 21. Bg5 e6 22. Ne7+ Kh7 23. Nxf5 exf5 24. Re7 Qc4 25. b3 Qc5 26. c3 Ra3 27. Be3 Qc8 28. Bd4 Qd8 29. Bxg7 Kxg7 30. Qd4+ Kg8 31. Rce1 a5 32. Qa7 a4 33. Kb2 Rxa2+ 34. Kxa2 axb3+ 35. Kxb3 f4 36. R1e4 g5 37. Qd4 Qa8 38. Ra7 Qb8 39. Ree7 b4 40. cxb4 Re8 41. Qf6 1-0